| 000 | 00649nam a2200229Ia 4500 | ||
|---|---|---|---|
| 005 | 20250508164219.0 | ||
| 008 | 008 250505s9999 xx 000 0 eng d | ||
| 020 | _a0-415-24067-0 | ||
| 037 | _aReference | ||
| 040 |
_aFEDL _beng _cFEDL |
||
| 041 |
_aeng _2eng |
||
| 084 |
_a371.102, BRU _qFEDL |
||
| 100 |
_aBrundrett Mark _9776696 |
||
| 245 | 0 | _aAchieving competence, success and excellence in teaching | |
| 260 |
_aLondon, UK _bRoutledge Falmer _c2002 |
||
| 300 | _aviii,183p. | ||
| 365 |
_aGBP _b55 |
||
| 650 | _aTeaching | ||
| 700 |
_a Silcock Peter _9777712 |
||
| 942 |
_cREF _h371.102, BRU |
||
| 999 |
_c1387574 _d1387574 |
||